[Event "Cto. Equipos de Navarra DH 2018"]
[Site "?"]
[Date "2018.10.13"]
[Round "1.1"]
[White "Roldan Marques, Daniel"]
[Black "Huerga Leache, Mikel"]
[Result "0-1"]
[EventDate "2018.??.??"]
[EventCountry "ESP"]
[EventType "team"]
[EventRounds "7"]
[WhiteElo "2198"]
[BlackElo "2446"]
[SourceDate "2018.11.02"]
[SourceTitle "FNA"]

1.d4 Nf6 2.c4 e6 3.Nf3 c5 4.d5 b5 5.e3 exd5 6.cxb5 Bb7 7.Be2 Be7 8.O-O O-O 9.Nc3
a6 10.bxa6 Nxa6 11.Ne5 Nb4 12.Nd3 Qb6 13.Nxb4 cxb4 14.Nb5 Ne4 15.f3 Nd6 16.Qd4
Qd8 17.Nxd6 Bxd6 18.Bd2 Qe7 19.Rfc1 Rfe8 20.Bd3 Be5 21.Qb6 Bc6 22.Bxb4 Qh4
23.Bc3 d4 24.Bxd4 Qxh2 25.Kf1 Bxf3 26.gxf3 Rab8 27.Qc5 Bxd4 28.Qxd4 Rxb2 29.Rc2
Rxc2 30.Bxc2 Qxc2 31.Qxd7 Qc4 32.Kg1 Rb8 33.Qd4 Qe2 34.Rd1 h5 35.f4 Rb2 36.Qd8
Kh7 37.Qd3 Qxd3 38.Rxd3 Rxa2 39.Rd5 Kh6 40.e4 h4 41.Rg5 f6 42.Rf5 Ra4 43.Kg2
Rxe4 44.Kf3 h3 45.Kg4 g6 46.Ra5 h2 47.Ra1 g5 0-1

[Event "Cto. Equipos de Navarra DH 2018"]
[Site "?"]
[Date "2018.10.13"]
[Round "1.2"]
[White "Abalia Patino, Aritz"]
[Black "Sesma Rubio, Patxi"]
[Result "1-0"]
[EventDate "2018.??.??"]
[EventCountry "ESP"]
[EventType "team"]
[EventRounds "7"]
[WhiteElo "2155"]
[BlackElo "2164"]
[SourceDate "2018.11.02"]
[SourceTitle "FNA"]

1.Nf3 Nf6 2.c4 e6 3.g3 d5 4.Bg2 Be7 5.O-O O-O 6.b3 c6 7.Bb2 Nbd7 8.d3 Re8 9.Nbd2
Bf8 10.e4 dxe4 11.Nxe4 Nxe4 12.dxe4 Qc7 13.e5 b6 14.Qc2 Be7 15.Nd2 Bb7 16.f4
Rad8 17.Rad1 a6 18.Ne4 Nc5 19.Nd6 Bxd6 20.exd6 Qc8 21.b4 Nd7 22.c5 a5 23.a3 axb4
24.axb4 Ba6 25.Rfe1 Qb7 26.Bd4 Bb5 27.Qb2 f6 28.Qb3 Ba6 29.Qa2 Kh8 30.Rxe6 Nf8
31.Rxe8 Rxe8 32.Rb1 Bb5 33.Bf1 Qd7 34.Bxb5 cxb5 35.Qd5 1-0

[Event "Cto. Equipos de Navarra DH 2018"]
[Site "?"]
[Date "2018.10.13"]
[Round "1.3"]
[White "Laguardia Ortega, Moises"]
[Black "Morante Rafael, Aritz"]
[Result "1/2-1/2"]
[EventDate "2018.??.??"]
[EventCountry "ESP"]
[EventType "team"]
[EventRounds "7"]
[WhiteElo "2039"]
[BlackElo "2112"]
[SourceDate "2018.11.02"]
[SourceTitle "FNA"]

1.e4 e5 2.Nf3 Nc6 3.d4 exd4 4.Nxd4 Bb4 5.c3 Bc5 6.Nb3 Bb6 7.Qe2 d6 8.Be3 Nf6
9.f3 O-O 10.Na3 Re8 11.O-O-O Nxe4 12.Nc4 Bxe3 13.Nxe3 Qg5 14.fxe4 Rxe4 15.Re1
Bg4 16.Qf2 Rae8 17.Kd2 Ne5 18.Bd3 Rf4 19.Qg3 Nxd3 20.Kxd3 Bf5 21.Kd2 Rg4 22.h4
Rxg3 23.hxg5 Bd7 24.Re2 Rxg5 25.Rhe1 f5 26.Nd5 Rxe2 27.Rxe2 c6 28.Nf4 Kf7 29.Na5
Rg4 30.Nd3 Bc8 31.b3 Rg6 32.Nc4 Re6 33.Rf2 Kf6 34.Nf4 Re7 35.Nd3 Ke6 36.Re2 Kd7
37.Rf2 Kc7 38.Ne3 g6 39.g3 Bd7 40.Rh2 h5 41.Ne1 Rf7 42.N3g2 Be8 43.Nf3 Re7
44.Ng5 Kd7 45.Nf4 Re5 46.Nf3 Re7 47.Ng5 Re5 48.Nf3 1/2-1/2

[Event "Cto. Equipos de Navarra DH 2018"]
[Site "?"]
[Date "2018.10.13"]
[Round "1.4"]
[White "Huarte Zozaya, Aitor"]
[Black "Ortin Blanco, Ainhoa"]
[Result "1-0"]
[EventDate "2018.??.??"]
[EventCountry "ESP"]
[EventType "team"]
[EventRounds "7"]
[WhiteElo "2017"]
[BlackElo "1938"]
[SourceDate "2018.11.02"]
[SourceTitle "FNA"]

1.d4 Nf6 2.Bf4 g6 3.e3 Bg7 4.Nf3 d6 5.h3 O-O 6.Be2 Nbd7 7.O-O Re8 8.Re1 c5 9.c3
b6 10.Nbd2 e5 11.Bg3 e4 12.Nh2 d5 13.Bb5 Bb7 14.dxc5 bxc5 15.Bh4 Re6 16.Ng4 Qb6
17.Nxf6 Nxf6 18.Be2 Ba6 19.Bxa6 Qxa6 20.Nb3 Qc6 21.Qe2 Nd7 22.Bg3 Ne5 23.Bxe5
Bxe5 24.Red1 Rd8 25.Qc2 f5 26.Nd2 Bc7 27.Qb3 Rb8 28.Qc2 Qd6 29.Nf1 Qe5 30.Rab1
Reb6 31.Qd2 Rd8 32.Qc2 g5 33.Qa4 g4 34.h4 f4 35.exf4 Qxf4 36.g3 Qf3 37.Nh2 Qf5
38.Qc2 Rf8 39.Qd2 Rd6 40.Qe3 Bb6 41.Qe2 h5 42.Re1 d4 43.c4 d3 44.Qe3 d2 45.Red1
Rd3 46.Qe2 Rfd8 47.a3 Bc7 48.Nf1 Qf3 49.Qxf3 exf3 50.b4 Rxa3 51.Rxd2 Rxd2
52.Nxd2 cxb4 53.Rxb4 Ra2 54.Ne4 Be5 55.Rb5 Bd4 56.Rd5 Bb6 57.c5 Ba5 58.Rxh5 Be1
59.Rg5 Kf8 60.Rxg4 Ke7 61.h5 Bxf2 62.Nxf2 Ra1 63.Kh2 Ra2 64.Re4 Kd7 65.Rd4 Kc6
66.Kg1 Kxc5 67.Rd2 Ra6 68.Rd1 Re6 69.Ng4 Re2 70.h6 Rg2 71.Kf1 Rxg3 72.h7 Rh3
73.Nf6 a5 74.Rd5 Kc4 75.Rh5 1-0

[Event "Cto. Equipos de Navarra DH 2018"]
[Site "?"]
[Date "2018.10.13"]
[Round "1.5"]
[White "Martinez Bernardo, Aitor"]
[Black "Malon Insausti, Andres"]
[Result "0-1"]
[EventDate "2018.??.??"]
[EventCountry "ESP"]
[EventType "team"]
[EventRounds "7"]
[WhiteElo "1917"]
[BlackElo "1896"]
[SourceDate "2018.11.02"]
[SourceTitle "FNA"]

1.c4 e5 2.g3 Nf6 3.Bg2 c6 4.Nc3 Bb4 5.e3 O-O 6.Nge2 d5 7.cxd5 cxd5 8.d4 e4 9.O-O
Re8 10.Qb3 Nc6 11.Nf4 Bxc3 12.Qxc3 Bg4 13.Re1 Qd7 14.Qd2 h6 15.h3 Bf3 16.Kh2
Rac8 17.Bxf3 exf3 18.Qd1 Qf5 19.Rf1 Qe4 20.Nd3 b6 21.b3 Nd8 22.Ne5 Rxe5 23.dxe5
Qxe5 24.Qd4 Qf5 25.Bb2 Ne6 26.Qe5 Qg6 27.Rac1 Re8 28.Rc6 Qd3 29.Rfc1 Nc5 30.Qc3
Qf5 31.g4 Qg5 32.Rxf6 gxf6 33.Qxf6 Qxf6 34.Bxf6 Ne4 35.Bh4 Re6 36.Rc2 b5 37.b4
Kg7 38.Bd8 Rg6 39.Bh4 h5 40.g5 Ra6 41.Bg3 Kg6 42.h4 f6 43.gxf6 Kxf6 44.Bf4 Kf5
45.Bc7 Kg4 46.Bd8 Rg6 47.Be7 Kf5 48.Bg5 Nxg5 49.hxg5 Rxg5 50.Rc5 Rg2 51.Kh3 Ke4
52.Rc2 Rg1 53.Rc5 Rf1 54.Kg3 h4 55.Kxh4 Rxf2 56.Kg3 Rg2 57.Kh3 Rg8 0-1

[Event "Cto. Equipos de Navarra DH 2018"]
[Site "?"]
[Date "2018.10.13"]
[Round "1.6"]
[White "Roviralta Montero, Axel"]
[Black "Arriazu Dominguez, Ivan"]
[Result "1/2-1/2"]
[EventDate "2018.??.??"]
[EventCountry "ESP"]
[EventType "team"]
[EventRounds "7"]
[WhiteElo "1814"]
[BlackElo "1832"]
[SourceDate "2018.11.02"]
[SourceTitle "FNA"]

1.e4 g6 2.d4 Bg7 3.Nc3 d6 4.Bg5 Nf6 5.e5 dxe5 6.dxe5 Qxd1 7.Rxd1 Nfd7 8.f4 Nb6
9.Nf3 a6 10.Be2 Nc6 11.O-O Bd7 12.Bh4 O-O-O 13.Ng5 Rdf8 14.Bf2 h6 15.Nge4 g5
16.Bxb6 cxb6 17.Nd5 Be6 18.g3 gxf4 19.gxf4 Rhg8 20.Kf2 b5 21.Nc5 Bxd5 22.Rxd5
Rd8 23.Bf3 Nb4 24.Rxd8 Rxd8 25.Bxb7 Kc7 26.Rg1 Bf8 27.c3 Nd3 28.Nxd3 Rxd3 29.Be4
Rd8 30.Kf3 e6 31.Rg8 Kd7 32.Ke2 Ke7 33.b4 Rd7 34.h4 Rc7 35.Kd3 Rd7 36.Kc2 Ra7
37.Kb3 Rd7 38.Kc2 Ra7 39.Bc6 Rc7 40.Be4 Ra7 1/2-1/2

[Event "Cto. Equipos de Navarra DH 2018"]
[Site "?"]
[Date "2018.10.13"]
[Round "1.7"]
[White "Torres Calvo, Mauricio"]
[Black "Garisoain Ardanaz, Alvaro"]
[Result "1-0"]
[EventDate "2018.??.??"]
[EventCountry "ESP"]
[EventType "team"]
[EventRounds "7"]
[WhiteElo "1805"]
[BlackElo "1638"]
[SourceDate "2018.11.02"]
[SourceTitle "FNA"]

1.e4 d6 2.d4 Nf6 3.Nc3 Nbd7 4.Bc4 e5 5.Nf3 Be7 6.O-O O-O 7.h3 c6 8.a4 b6 9.Bg5
Bb7 10.dxe5 dxe5 11.Qe2 Ne8 12.Be3 Qc7 13.Rfd1 Bb4 14.Qd3 Nef6 15.Ne2 Rad8
16.Qb3 Be7 17.Ng3 Nc5 18.Bxc5 Bxc5 19.Ng5 Rxd1 20.Rxd1 h6 21.Nf3 a6 22.Qd3 b5
23.Bb3 Qb6 24.Rd2 bxa4 25.Bxa4 Qxb2 26.Bb3 Qa1 27.Kh2 Bb4 28.Rd1 Qa5 29.Nh4 Qc5
30.Qf3 Kh8 31.Nhf5 Ng8 32.Nh5 g6 33.Nxh6 Qe7 34.Nxg8 Kxg8 35.Nf6 Kg7 36.Rd7 Qxf6
37.Qxf6 Kxf6 38.Rxb7 Be1 39.f3 c5 40.Rb6 Kg7 41.Rxa6 Bf2 42.Rc6 Rd8 43.Rc7 Rf8
44.g3 g5 45.Kg2 Bd4 46.Kf1 Kg6 47.Ke2 Bg1 48.Rd7 f6 49.c3 Rb8 50.Bf7 Kh6 51.Be6
Rb6 52.Bf5 Rb2 53.Kf1 Rb1 54.Kg2 g4 55.Rh7 1-0

[Event "Cto. Equipos de Navarra DH 2018"]
[Site "?"]
[Date "2018.10.13"]
[Round "1.8"]
[White "Rosa Gamez, Nerea"]
[Black "Carcavilla Ledesma, Jose Angel"]
[Result "1-0"]
[EventDate "2018.??.??"]
[EventCountry "ESP"]
[EventType "team"]
[EventRounds "7"]
[WhiteElo "1418"]
[BlackElo "1841"]
[SourceDate "2018.11.02"]
[SourceTitle "FNA"]

1.e4 e6 2.d3 e5 3.f4 exf4 4.Bxf4 d5 5.Nd2 Be6 6.Ngf3 h6 7.Be2 Nc6 8.O-O Bc5
9.Kh1 Nf6 10.Qe1 Qe7 11.c3 d4 12.Nxd4 Nxd4 13.cxd4 Bxd4 14.Rc1 c6 15.b3 O-O
16.Qg3 Rfd8 17.Bxh6 Ne8 18.Nf3 Kh8 19.Bg5 Bf6 20.Qh4 Kg8 21.e5 Bxg5 22.Nxg5 Qd7
23.Rf3 Bf5 24.Rcf1 Bg6 25.Rh3 Kf8 26.Nh7 Bxh7 27.Qxh7 Qe6 28.Qh5 Rd4 29.Qg5 Kg8
30.Bh5 f6 31.Qg6 Rad8 32.Rg3 Qxe5 33.Qf7 Kh8 34.Bg6 1-0

[Event "Cto. Equipos de Navarra DH 2018"]
[Site "?"]
[Date "2018.10.13"]
[Round "1.1"]
[White "Lisarri Tomas, Antonio"]
[Black "Esparza Martinez, Javier Ignacio"]
[Result "1/2-1/2"]
[EventDate "2018.??.??"]
[EventCountry "ESP"]
[EventType "team"]
[EventRounds "7"]
[WhiteElo "1956"]
[BlackElo "1976"]
[SourceDate "2018.11.02"]
[SourceTitle "FNA"]

1.c4 Nf6 2.g3 e6 3.Bg2 d5 4.Nf3 Be7 5.O-O O-O 6.b3 Nbd7 7.Bb2 c6 8.d4 b6 9.Nc3
Bb7 10.Qc2 Re8 11.Rad1 Rc8 12.Rfe1 Qc7 13.Nd2 a6 14.e4 dxe4 15.Ndxe4 Red8 16.Qe2
Bf8 17.Ng5 Re8 18.Bh3 1/2-1/2

[Event "Cto. Equipos de Navarra DH 2018"]
[Site "?"]
[Date "2018.10.13"]
[Round "1.3"]
[White "Estevez Abeytua, Ramon"]
[Black "Apesteguia Domaica, Jose Antonio"]
[Result "1/2-1/2"]
[EventDate "2018.??.??"]
[EventCountry "ESP"]
[EventType "team"]
[EventRounds "7"]
[WhiteElo "1724"]
[BlackElo "1862"]
[SourceDate "2018.11.02"]
[SourceTitle "FNA"]

1.d4 d5 2.Nf3 Nf6 3.e3 Bg4 4.Nbd2 e6 5.c4 c6 6.Qc2 Bb4 7.Ne5 Bf5 8.Bd3 Bxd3
9.Nxd3 Bxd2 10.Bxd2 O-O 11.O-O Ne4 12.Bb4 Re8 13.f3 Nd6 14.Bxd6 Qxd6 15.Ne5 Nd7
16.f4 f6 17.Nf3 dxc4 18.Qxc4 Nb6 19.Qb3 Qd5 20.Qc3 Qc4 21.Qd2 Rad8 22.Rfc1 Qd5
23.Qc2 1/2-1/2

[Event "Cto. Equipos de Navarra DH 2018"]
[Site "?"]
[Date "2018.10.13"]
[Round "1.4"]
[White "Martinez Lasanta, Raul"]
[Black "Juanco Elizari, Felix Javier"]
[Result "0-1"]
[EventDate "2018.??.??"]
[EventCountry "ESP"]
[EventType "team"]
[EventRounds "7"]
[WhiteElo "1661"]
[BlackElo "1718"]
[SourceDate "2018.11.02"]
[SourceTitle "FNA"]

1.Nf3 Nf6 2.c4 g6 3.d4 Bg7 4.Bf4 d5 5.e3 c6 6.Bd3 O-O 7.Nbd2 Nbd7 8.h3 Re8 9.Qc2
e6 10.O-O Qb6 11.c5 Qd8 12.Bd6 Nh5 13.Be2 f5 14.Ne5 Nhf6 15.f3 Nh5 16.Nxd7 Bxd7
17.g4 Nf6 18.e4 fxe4 19.fxe4 dxe4 20.Nxe4 Nd5 21.Qd2 Qh4 22.Kh2 h5 23.Bg3 Qe7
24.gxh5 e5 25.dxe5 Bxe5 26.Qg5 Bxg3 27.Qxg3 Qxe4 28.Bd3 Qe5 29.Rg1 g5 30.Raf1
Qxg3 31.Rxg3 Re5 32.Rfg1 Nf4 33.Rxg5 Rxg5 34.Rxg5 Kh8 35.Bc4 Nxh3 36.Re5 Nf4
37.Re7 Rd8 38.h6 Ng6 39.Rg7 Ne5 40.Bb3 Ng4 41.Kg2 Nxh6 42.Rg5 Nf5 43.Kf2 Rf8
44.Ke1 Nd4 45.Bd1 Nf3 0-1

[Event "Cto. Equipos de Navarra DH 2018"]
[Site "?"]
[Date "2018.10.13"]
[Round "1.5"]
[White "Ruiz Turrillas, Alfredo"]
[Black "Oyaga Valencia, Jesus Maria"]
[Result "1-0"]
[EventDate "2018.??.??"]
[EventCountry "ESP"]
[EventType "team"]
[EventRounds "7"]
[WhiteElo "1698"]
[BlackElo "1648"]
[SourceDate "2018.11.02"]
[SourceTitle "FNA"]

1.e4 e6 2.d4 d5 3.Nd2 Nf6 4.e5 Nfd7 5.a3 c5 6.c3 Nc6 7.Ngf3 Qb6 8.Nb3 a5 9.a4
cxd4 10.Nbxd4 Ncxe5 11.Bb5 Nxf3 12.Qxf3 Bc5 13.Be3 O-O 14.O-O Nf6 15.Rae1 e5
16.Nf5 Bxe3 17.Ne7 Kh8 18.Rxe3 e4 19.Qf4 Qd8 20.Nxc8 Qxc8 21.h3 Qd8 22.Qf5 Qd6
23.g4 g6 24.Qg5 Kg7 25.Rg3 d4 26.h4 e3 27.Bd3 h6 28.Qb5 exf2 29.Kxf2 dxc3
30.bxc3 Rad8 31.g5 Nh5 32.gxh6 Kh7 33.Qxh5 Qxd3 34.Rxd3 gxh5 35.Rxd8 Rxd8 36.Ke3
Rd6 37.Rxf7 Kxh6 38.Rxb7 Rc6 39.Kd4 Rg6 40.Re7 Rg1 41.Re6 Kg7 42.Re5 Rg4 43.Re4
Rg1 44.Kc5 Rc1 45.c4 Ra1 46.Kb5 1-0

[Event "Cto. Equipos de Navarra DH 2018"]
[Site "?"]
[Date "2018.10.13"]
[Round "1.6"]
[White "Velaz Ballesteros, Inigo"]
[Black "Marin Salvador, Ruben"]
[Result "0-1"]
[EventDate "2018.??.??"]
[EventCountry "ESP"]
[EventType "team"]
[EventRounds "7"]
[WhiteElo "1170"]
[BlackElo "1649"]
[SourceDate "2018.11.02"]
[SourceTitle "FNA"]

1.Nf3 Nf6 2.g3 g6 3.d4 Bg7 4.Nbd2 d5 5.Nb3 O-O 6.c3 Nbd7 7.Bf4 b6 8.Nc1 c5 9.Nd3
Bb7 10.Qc1 Rc8 11.Bh6 cxd4 12.Nxd4 Re8 13.Bxg7 Kxg7 14.h4 e5 15.Nf5 gxf5 16.Qg5
Kh8 17.Qxf5 d4 18.Rh2 dxc3 19.f3 Qe7 20.e4 Nc5 21.bxc3 Nxd3 22.Bxd3 Rxc3 0-1

[Event "Cto. Equipos de Navarra DH 2018"]
[Site "?"]
[Date "2018.10.13"]
[Round "1.7"]
[White "Ruiz Echeverria, Unai"]
[Black "Miranda Urrizola, Ruben Asier"]
[Result "1-0"]
[EventDate "2018.??.??"]
[EventCountry "ESP"]
[EventType "team"]
[EventRounds "7"]
[WhiteElo "1562"]
[BlackElo "1012"]
[SourceDate "2018.11.02"]
[SourceTitle "FNA"]

1.e4 e5 2.Nf3 Nc6 3.Bc4 Nf6 4.Ng5 d5 5.exd5 Nxd5 6.Qf3 Be6 7.Nxe6 fxe6 8.c3 Qf6
9.Bxd5 exd5 10.Qxd5 Qd6 11.Qxd6 Bxd6 12.O-O O-O-O 13.d3 Rhf8 14.Be3 Rde8 15.Nd2
b6 16.Ne4 h6 17.Rad1 Rf5 18.h3 Kd7 19.g3 Ref8 20.Kg2 Ke6 21.d4 exd4 22.Nxd6 cxd6
23.Bxd4 Re8 24.Rfe1 Kf7 25.Rxe8 Kxe8 26.Bxg7 Ke7 27.Bxh6 Ke6 28.Bf4 d5 29.h4 Ne5
30.Re1 Kd6 31.Rxe5 Rxe5 32.h5 Ke6 33.Bxe5 Kxe5 1-0

[Event "Cto. Equipos de Navarra DH 2018"]
[Site "?"]
[Date "2018.10.20"]
[Round "2.1"]
[White "Burguete Archel, Eduardo"]
[Black "Esparza Martinez, Javier Ignacio"]
[Result "1/2-1/2"]
[EventDate "2018.??.??"]
[EventCountry "ESP"]
[EventType "team"]
[EventRounds "7"]
[WhiteElo "2200"]
[BlackElo "1976"]
[SourceDate "2018.11.02"]
[SourceTitle "FNA"]

1.d4 d5 2.c4 e6 3.Nf3 Nf6 4.g3 c6 5.Bg2 Nbd7 6.O-O Bd6 7.Qc2 O-O 8.Rd1 Qe7 9.Bf4
Ne4 10.Nc3 Bxf4 11.gxf4 Nd6 12.c5 Nf5 13.b4 Nh4 14.Rd3 Nxg2 15.Kxg2 Nf6 16.Rg1
Nh5 17.Qc1 Qf6 18.Kh1 Nxf4 19.Re3 a5 20.b5 cxb5 21.Nxb5 Nxe2 22.Rxe2 Qxf3 23.Rg2
Qxe2 24.Rxg7 Kh8 25.Qh6 Qe4 26.Rg2 Qe1 27.Rg1 Qe4 28.Rg2 1/2-1/2

[Event "Cto. Equipos de Navarra DH 2018"]
[Site "?"]
[Date "2018.10.20"]
[Round "2.2"]
[White "Ruiz Escobar, Rafael"]
[Black "Argandona Salinas, Gorka"]
[Result "0-1"]
[EventDate "2018.??.??"]
[EventCountry "ESP"]
[EventType "team"]
[EventRounds "7"]
[WhiteElo "1891"]
[BlackElo "2086"]
[SourceDate "2018.11.02"]
[SourceTitle "FNA"]

1.d4 e6 2.c4 f5 3.Nf3 c6 4.g3 Nf6 5.Bg2 d5 6.O-O Bd6 7.b3 Qe7 8.Nc3 Nbd7 9.Qc2
O-O 10.Bb2 Ne4 11.e3 g5 12.a4 g4 13.Ne1 a5 14.Nd3 b6 15.Ne2 h5 16.Nef4 Rf6
17.Ne5 Bb7 18.Nfg6 Qg7 19.Nh4 Rh6 20.Nxd7 Qxd7 21.Ba3 Bc7 22.cxd5 cxd5 23.Rfd1
Bd8 24.Bxe4 fxe4 25.Ng2 h4 26.Rac1 hxg3 27.fxg3 Ba6 28.Nf4 Rc8 29.Qd2 Rxc1
30.Rxc1 Bg5 31.Qd1 e5 32.Nxd5 Qxd5 33.Qxg4 Rg6 34.Kg2 Qe6 35.Qxe4 b5 36.Qa8 Kh7
37.axb5 Bxb5 38.h4 Bc6 39.Rxc6 Qxc6 40.Qxc6 Rxc6 41.hxg5 exd4 42.exd4 Rc3 43.Kh3
Rxb3 44.Be7 Rd3 45.Kg4 Rxd4 46.Kf5 a4 47.Bf6 Rd3 48.Ke4 Rxg3 49.Kf4 Rb3 50.Ke4
a3 51.Kd4 a2 52.Kc4 Rb1 0-1

[Event "Cto. Equipos de Navarra DH 2018"]
[Site "?"]
[Date "2018.10.20"]
[Round "2.3"]
[White "Leranoz Zabalza, Adrian"]
[Black "Apesteguia Domaica, Jose Antonio"]
[Result "1-0"]
[EventDate "2018.??.??"]
[EventCountry "ESP"]
[EventType "team"]
[EventRounds "7"]
[WhiteElo "2072"]
[BlackElo "1862"]
[SourceDate "2018.11.02"]
[SourceTitle "FNA"]

1.e4 e5 2.Nc3 Nf6 3.f4 Nc6 4.Nf3 d6 5.Bb5 exf4 6.d4 Bd7 7.Bxf4 Be7 8.O-O O-O
9.a3 Nh5 10.Be3 Bg4 11.h3 Bxf3 12.Qxf3 Bg5 13.Rad1 a6 14.Be2 Bxe3 15.Qxe3 Qh4
16.Nd5 Ng3 17.Rf4 Nxe2 18.Qxe2 Qd8 19.Qh5 f6 20.Rh4 h6 21.Rg4 Kh8 22.Qg6 Qd7
23.Rd3 Qf7 24.Qf5 Ne7 25.Nxe7 Qxe7 26.Rdg3 Rf7 27.Rg6 Re8 28.R3g4 Qe6 29.Qh5
Ree7 30.Rxh6 1-0

[Event "Cto. Equipos de Navarra DH 2018"]
[Site "?"]
[Date "2018.10.20"]
[Round "2.4"]
[White "Martinez Lasanta, Raul"]
[Black "Larrea Reta, Javier"]
[Result "0-1"]
[EventDate "2018.??.??"]
[EventCountry "ESP"]
[EventType "team"]
[EventRounds "7"]
[WhiteElo "1661"]
[BlackElo "1858"]
[SourceDate "2018.11.02"]
[SourceTitle "FNA"]

1.Nf3 Nf6 2.c4 c5 3.Nc3 d6 4.d3 g6 5.g3 Bg7 6.Bg2 O-O 7.O-O Nc6 8.Rb1 a6 9.a3
Nd7 10.Qc2 Nd4 11.Nxd4 cxd4 12.Nd1 Rb8 13.e3 e5 14.exd4 exd4 15.f4 Re8 16.Nf2
Nf6 17.Bd2 Bf5 18.Rbe1 Qc7 19.Bh3 Bxh3 20.Nxh3 Ng4 21.Qc1 Ne3 22.Rf3 Qc6 23.Rf2
Qd7 24.Ng5 Re7 25.Nf3 Rbe8 26.Rfe2 Qg4 27.Kf2 h5 28.Bxe3 dxe3 29.Rxe3 Rxe3
30.Rxe3 Rxe3 31.Qxe3 Bxb2 32.Ng5 Qd7 33.Qb6 Bxa3 34.Ne4 Bc5 35.Nxc5 dxc5 36.Qxc5
Qxd3 37.Qc8 Kg7 38.c5 Qd5 39.Qc7 Qb3 40.Qe5 Kh7 41.f5 Qc2 42.Ke3 Qxf5 43.Qc7 Qd5
44.Kf4 Kg7 45.Qb6 Qf5 46.Ke3 Qe6 0-1

[Event "Cto. Equipos de Navarra DH 2018"]
[Site "?"]
[Date "2018.10.20"]
[Round "2.5"]
[White "Alfaro Pinero, Asier"]
[Black "Oyaga Valencia, Jesus Maria"]
[Result "0-1"]
[EventDate "2018.??.??"]
[EventCountry "ESP"]
[EventType "team"]
[EventRounds "7"]
[WhiteElo "1791"]
[BlackElo "1648"]
[SourceDate "2018.11.02"]
[SourceTitle "FNA"]

1.d4 d5 2.c4 e6 3.Nc3 Nf6 4.Bg5 c6 5.e3 Nbd7 6.cxd5 exd5 7.Bd3 Be7 8.Nf3 h6
9.Bf4 g5 10.Bg3 Nh5 11.O-O Nxg3 12.hxg3 Nf6 13.a3 Bg4 14.Be2 Ne4 15.Ne5 Bxe2
16.Qxe2 Nxc3 17.bxc3 Bf6 18.Nd3 O-O 19.Rab1 Qe7 20.Qb2 b6 21.Qb4 Rfe8 22.Rfc1
Qe4 23.Ne1 Be7 24.Qb3 c5 25.a4 c4 26.Qc2 Qxc2 27.Rxc2 g4 28.Rb5 Red8 29.Rcb2 Rd6
30.Nc2 Rd7 31.e4 dxe4 32.Re5 Bg5 33.Ne3 Bxe3 34.fxe3 Rf8 35.Rxe4 f5 36.Re5 Kg7
37.Rbb5 Rdf7 38.a5 bxa5 39.Rxa5 Kg6 40.Ra6 Kg7 41.Ree6 Rb8 42.Ra2 Rb1 43.Kf2
Rfb7 44.Rc6 a5 45.Rxc4 R7b2 46.Rxb2 Rxb2 47.Kf1 Ra2 48.Rc7 Kf8 49.Ra7 Ra1 50.Kf2
a4 51.c4 a3 52.c5 a2 53.c6 Ke8 54.Ra8 Ke7 55.c7 Rc1 56.Rxa2 Rxc7 57.Ke2 Rc1
58.Kd2 Rg1 59.Kd3 Rd1 60.Rd2 Ra1 61.Rc2 Ra3 62.Kd2 Kd6 63.Rb2 Kc6 64.Ke2 h5
65.Kf2 Ra5 66.Rc2 Kd6 67.Ke2 Ra1 68.Kd3 Ra3 69.Rc3 Ra2 70.Rc2 Ra3 71.Kd2 Ra1
72.Rc5 Ke6 73.Kd3 Ra3 74.Rc3 Ra2 75.Rc6 Ke7 76.Rc2 Ra3 77.Ke2 Kd6 78.Kf2 Ra5
79.Rc8 Ra2 80.Kf1 Ra3 81.Rc5 0-1

[Event "Cto. Equipos de Navarra DH 2018"]
[Site "?"]
[Date "2018.10.20"]
[Round "2.7"]
[White "Elia Aldave, Inigo"]
[Black "Velaz Ballesteros, Inigo"]
[Result "1-0"]
[EventDate "2018.??.??"]
[EventCountry "ESP"]
[EventType "team"]
[EventRounds "7"]
[WhiteElo "1678"]
[BlackElo "1170"]
[SourceDate "2018.11.02"]
[SourceTitle "FNA"]

1.e4 e5 2.Nc3 Bb4 3.Bc4 Ne7 4.d4 Ng6 5.Nge2 d6 6.O-O Bg4 7.Nd5 Ba5 8.Ne3 h5 9.h3
Qh4 10.Nf5 Bxf5 11.exf5 Ne7 12.c3 c6 13.Qb3 b6 14.Bxf7 Kf8 15.Ng3 d5 16.Be6 Na6
17.Qd1 Nc7 18.dxe5 Nxe6 19.fxe6 g6 20.Qf3 Ke8 21.Qf6 Qxf6 22.exf6 Nf5 23.Nxf5
gxf5 24.Bg5 Kf8 25.Rfe1 Rg8 26.h4 b5 27.Re5 Re8 1-0

[Event "Cto. Equipos de Navarra DH 2018"]
[Site "?"]
[Date "2018.10.20"]
[Round "2.2"]
[White "Hernandez Barricarte, Miguel A"]
[Black "Abalia Patino, Aritz"]
[Result "0-1"]
[EventDate "2018.??.??"]
[EventCountry "ESP"]
[EventType "team"]
[EventRounds "7"]
[WhiteElo "1874"]
[BlackElo "2155"]
[SourceDate "2018.11.02"]
[SourceTitle "FNA"]

1.d4 d5 2.c4 dxc4 3.e3 Nf6 4.Bxc4 e6 5.Nf3 c5 6.O-O a6 7.Bb3 Nc6 8.Qe2 Qc7 9.Nc3
Be7 10.dxc5 Bxc5 11.e4 Ng4 12.g3 Nge5 13.Nxe5 Nd4 14.Qh5 Qxe5 15.Qxe5 Nf3 16.Kg2
Nxe5 17.Bc2 b5 18.Bf4 Nc4 19.Rab1 Bb7 20.Rfe1 Ke7 21.Bd3 Rhd8 22.Bxc4 bxc4
23.Rbd1 Bc6 24.Nd5 Kf8 25.Nc3 Bd4 26.f3 e5 27.Bc1 Rab8 28.Re2 f6 29.h4 g6 30.g4
Kf7 31.Kg3 f5 32.Kg2 fxg4 33.fxg4 Bd7 34.Rf1 Kg7 35.Kg3 Rf8 36.Ree1 Bc6 37.Rxf8
Rxf8 38.Re2 Rf1 39.Bd2 h5 40.gxh5 gxh5 41.Be3 Bd7 42.Bf2 Rh1 43.Kg2 Rh3 44.Bg3
Bg4 45.Rd2 Be3 46.Bxe5 Kf7 47.Rd6 Rxh4 48.Rf6 Ke8 49.Nd5 Bh3 50.Kg3 Rxe4 51.Bc3
Bg4 52.Rxa6 h4 53.Kh2 Bf4 54.Nxf4 Rxf4 55.Rh6 Bf5 56.a4 h3 57.Kg3 Rg4 58.Kf3 Rg2
59.Be5 Bg4 60.Ke3 Re2 61.Kf4 Bd7 62.a5 h2 63.Rh8 Ke7 64.Rh7 Ke6 65.Rh6 Kd5
66.Rh5 Re4 67.Kf3 Bg4 0-1

[Event "Cto. Equipos de Navarra DH 2018"]
[Site "?"]
[Date "2018.10.20"]
[Round "2.3"]
[White "Morante Rafael, Aritz"]
[Black "Sola Plaza, Gregorio"]
[Result "1-0"]
[EventDate "2018.??.??"]
[EventCountry "ESP"]
[EventType "team"]
[EventRounds "7"]
[WhiteElo "2112"]
[BlackElo "1804"]
[SourceDate "2018.11.02"]
[SourceTitle "FNA"]

1.e4 c5 2.Nc3 Nc6 3.g3 g6 4.Bg2 Bg7 5.d3 d6 6.Be3 Nf6 7.h3 O-O 8.Qd2 Rb8 9.Bh6
b5 10.Bxg7 Kxg7 11.f4 b4 12.Nd1 Bb7 13.Ne3 a5 14.Nf3 Nd4 15.Nh4 e6 16.c3 Nc6
17.O-O d5 18.e5 Nd7 19.d4 cxd4 20.cxd4 f5 21.exf6 Nxf6 22.f5 exf5 23.Nexf5 gxf5
24.Nxf5 Kh8 25.Qh6 Rf7 26.Rae1 Bc8 27.Nd6 Rf8 28.Re8 1-0

[Event "Cto. Equipos de Navarra DH 2018"]
[Site "?"]
[Date "2018.10.20"]
[Round "2.4"]
[White "Jeddi, Abdelkader"]
[Black "Ramos Dominguez, Joaquin"]
[Result "0-1"]
[EventDate "2018.??.??"]
[EventCountry "ESP"]
[EventType "team"]
[EventRounds "7"]
[WhiteElo "1784"]
[BlackElo "2091"]
[SourceDate "2018.11.02"]
[SourceTitle "FNA"]

1.d4 Nc6 2.Nf3 d5 3.c4 Bg4 4.e3 e6 5.Nc3 Nf6 6.Be2 Bb4 7.O-O O-O 8.a3 Bxc3
9.bxc3 Ne4 10.Bb2 Na5 11.c5 b6 12.cxb6 axb6 13.h3 Bf5 14.Nd2 Nxd2 15.Qxd2 Nb3
16.Qd1 Nxa1 17.Qxa1 Qg5 18.Kh2 Be4 19.g3 Bc2 20.Qc1 Qg6 21.Qd2 Bb3 22.Bd3 Qf6
23.Qe2 c6 24.e4 b5 25.e5 Qe7 26.Qh5 g6 27.Qh6 Bc4 28.Bxc4 bxc4 29.Bc1 f6 30.Qh4
Rf7 31.f4 fxe5 32.Qxe7 Rxe7 33.fxe5 Rf7 34.Kg2 Raf8 35.Rxf7 Rxf7 36.Bg5 Rb7
37.Bd8 Ra7 38.a4 Rxa4 39.Be7 Kf7 40.Bd6 Ra1 41.Kf2 Ke8 42.Ke2 Ra2 43.Ke3 Rc2
44.Bb4 Rb2 45.Bd6 Kd7 46.h4 Rb3 47.Kd2 Kc8 48.Bc5 Kb7 49.Bd6 Ka6 50.Bc5 Kb5
51.Kc2 Ka4 52.Bf8 Rb7 53.Bh6 Ka3 54.Bf8 Ka2 55.Bb4 Rxb4 56.cxb4 h5 57.Kc3 Ka3
58.Kd2 Kxb4 59.Ke3 c3 0-1